50 palabras de la Biblia

Furkejuvvon:
Bibliográfalaš dieđut
Váldodahkkit: Bonnet, Jacques (Dahkki), Chesseron, Joseph (Dahkki), Gruson, Philippe (Dahkki), Maignas, Jacqueline de (Dahkki), Sylvestre, Josette (Dahkki)
Materiálatiipa: Girji
Giella:espánnjágiella
Almmustuhtton: Pamplona Verbo Divino 2005
Ráidu:Cuadernos Bíblicos, 123
Fáttát:
Fáddágilkorat: Lasit fáddágilkoriid
Eai fáddágilkorat, Lasit vuosttaš fáddágilkora!

MARC

LEADER 00000nam a2200000 a 4500
001 UCH8834
003 CL-VaPUC
008 091211e20050000SP |||||||||||||||||spa|d
020 |a 8481696617 
082 0 4 |a 220.4047  |b BON  |2 21 
100 0 |a Bonnet, Jacques  |e author  |9 545564 
700 0 |a Chesseron, Joseph  |e author  |9 545565 
700 |a Gruson, Philippe  |e author  |9 562961 
700 0 |a Maignas, Jacqueline de  |e author  |9 545567 
700 0 |a Sylvestre, Josette  |e author  |9 545568 
245 1 0 |a 50 palabras de la Biblia 
300 |a 58 p 
942 |c BK 
945 |d 20091211 00:00:00  |a dcastane 
260 |a Pamplona  |b Verbo Divino  |c 2005 
650 0 |a Biblia  |9 257603 
650 7 |a TEOLOGIA DE LA PALABRA  |2 CL-VaPUC  |9 545569 
650 7 |a PALABRAS EN LA BIBLIA  |2 CL-VaPUC  |9 545570 
583 |a last modification  |c 20130402 10:13:48  |k Rodrigo Vera 
490 0 |a Cuadernos Bíblicos, 123 
999 |c 338941  |d 338939 
952 |0 0  |1 0  |4 0  |6 220_404700000000000_BON_2005  |7 0  |8 A  |9 432246  |a BIBTEO  |b BIBTEO  |d 2019-11-22  |i 4623312  |o 220.4047 BON 2005  |p 4623312  |r 2025-01-17  |w 2019-11-22  |y BK  |k ICR